书目信息 |
| 书名: | Inequalities:Little Mathematics Library | |
| 作者: | P.P.Korovkin. | |
| 分册号: | ||
| 分册名: | 出版地: | Moscow : |
|
| 出版社: | Mir Pubilshers | |
| 出版时间: | 1975. | |
| 页数: | 71 p. ; | |
| 开本: | 20cm. | |
| 丛书名: | ||
| 中图分类号: | ||
| 科图分类号: | ||
| 其他分类号: | O122.3-49 | |
| 主题词: | ||
| 电子资源: | ||
| 000 | 00393nam 2200145 a 4500 | |
| 001 | E0735570704 | |
| 005 | 20070228095444.25 | |
| 008 | 070228s1975 00010 eng | |
| 020 | @cCNY1.70. | |
| 040 | @aPFT@beng | |
| 090 | @aO122.3-49 | |
| 099 | @dO122.3-49@ex5 | |
| 245 | @aInequalities:Little Mathematics Library / @cP.P.Korovkin. | |
| 260 | @aMoscow :@bMir Pubilshers,@c1975. | |
| 300 | @a71 p. ;@c20cm. | |
| Inequalities:Little Mathematics Library / / P.P.Korovkin.-Moscow : : Mir Pubilshers, , 1975. |
| 71 p. ; ; 20cm. |
| ISBN CNY1.70. |
| ● |
| 相关链接 |
|
|
|
|
正题名:Inequalities:Little Mathematics Library
索取号:O122.3-49/x5
 
预约/预借
| 序号 | 登录号 | 条形码 | 馆藏地/架位号 | 状态 | 备注 |
| 1 | 181826 | 000453805 | 第二样本阅览室/ [索取号:O122.3-49/x5] | 在馆 | |
| 2 | 181827 | 000453681 | 第四借阅区/ [索取号:O122.3-49/x5] | 在馆 | |
| 3 | 181828 | 000453841 | 第四借阅区/ [索取号:O122.3-49/x5] | 在馆 |